MARC details
| 000 -LEADER |
| campo de control de longitud fija |
02462nmm a2200493 a 4500 |
| 003 - IDENTIFICADOR DE NÚMERO DE CONTROL |
| campo de control |
AR-BaBNM |
| 005 - FECHA Y HORA DE LA ÚLTIMA TRANSACCIÓN |
| campo de control |
20251128205332.0 |
| 008 - DATOS DE LONGITUD FIJA--INFORMACIÓN GENERAL |
| campo de control de longitud fija |
011101s1996 ||||||||||||||000 | spa|| |
| 020 ## - NÚMERO INTERNACIONAL ESTÁNDAR DEL LIBRO |
| Número Internacional Estándar del Libro |
950-701-336-9 |
| 040 ## - FUENTE DE CATALOGACIÓN |
| Centro/agencia transcriptor |
AR-BaBNM |
| 111 2# - ENTRADA PRINCIPAL--NOMBRE DE CONGRESO/REUNIÓN |
| Nombre de congreso/reunión o jurisdicción como elemento de entrada |
Congreso Mundial de Lectura |
| Número del congreso/reunión o número de parte o sección |
15 |
| Sede del congreso/Lugar de la reunión |
Buenos Aires, Argentina |
| Fecha del congreso o de la firma del tratado |
1994 |
| 245 10 - MENCIÓN DEL TÍTULO |
| Título |
Alfabetización por todos y para todos |
| 250 ## - MENCION DE EDICION |
| Mención de edición |
1ª ed. |
| 260 ## - PUBLICACIÓN, DISTRIBUCIÓN, ETC. |
| Lugar de publicación, distribución, etc. |
Buenos Aires |
| Nombre del editor, distribuidor, etc. |
Aique |
| Fecha de publicación, distribución, etc. |
1996 |
| 300 0# - DESCRIPCIÓN FÍSICA |
| Extensión |
173 p. |
| Otros detalles físicos |
diagr. |
| 500 0# - NOTA GENERAL |
| Nota general |
IRA: ASOCIACION INTERNACIONAL DE LECTURA |
| 504 ## - NOTA DE BIBLIOGRAFÍA, ETC. |
| Nota de bibliografía, etc. Nota |
Contiene bibliografía al final de cada capítulo |
| 505 ## - NOTA DE CONTENIDO CON FORMATO |
| Título |
El mundo depende de los maestros |
| Mención de responsabilidad |
Smith, Frank |
| 505 ## - NOTA DE CONTENIDO CON FORMATO |
| Título |
Cómo la enseñanza apoya el aprendizaje en el desarrollo de la lectoescritura |
| Mención de responsabilidad |
Goodman, Kenneth S. |
| 505 ## - NOTA DE CONTENIDO CON FORMATO |
| Título |
Cómo determinar el equilibrio entre aprender, usar y conocer el lenguaje |
| Mención de responsabilidad |
Cazden, Courtney B. |
| 505 ## - NOTA DE CONTENIDO CON FORMATO |
| Título |
El derecho de escribir para ser libres |
| Mención de responsabilidad |
Graves, Donald H. |
| 505 ## - NOTA DE CONTENIDO CON FORMATO |
| Título |
Aprender y enseñar a leer y escribir : contextos que promueven la lectoescritura en clase |
| Mención de responsabilidad |
Routman, Regie |
| 505 ## - NOTA DE CONTENIDO CON FORMATO |
| Título |
Actualización de docentes en el área de la lectura y la escritura : reflexiones y proposiciones |
| Mención de responsabilidad |
Dubois, María Eugenia |
| 505 ## - NOTA DE CONTENIDO CON FORMATO |
| Título |
El docente venezolano : planes de formación y nuevas alternativas para el área de lectura y escritura |
| Mención de responsabilidad |
Tellería, Begoña |
| 505 ## - NOTA DE CONTENIDO CON FORMATO |
| Título |
Estrategias metodológicas en la formación y actualización de los docentes en lectura y escritura |
| Mención de responsabilidad |
Romo de Muñoz, Violeta |
| 505 ## - NOTA DE CONTENIDO CON FORMATO |
| Título |
Formación de docentes y evaluación en el área de lectura y la escritura |
| Mención de responsabilidad |
Serrano de Moreno, Stella |
| 505 ## - NOTA DE CONTENIDO CON FORMATO |
| Título |
Formación de docentes para trabajar con bachilleres en el área de lectura y la escritura |
| Mención de responsabilidad |
Aguirre de Ramírez, Rubiela |
| 505 ## - NOTA DE CONTENIDO CON FORMATO |
| Título |
La formación del profesor de lenguas extranjeras en el área de la escritura : una experiencia |
| Mención de responsabilidad |
Torija de Bendito, Ana |
| 505 ## - NOTA DE CONTENIDO CON FORMATO |
| Título |
Algunas consideraciones sobre alfabetización de adultos |
| Mención de responsabilidad |
Febres Fajardo, Judith |
| 650 #4 - PUNTO DE ACCESO ADICIONAL DE MATERIA--TÉRMINO DE MATERIA |
| Término de materia o nombre geográfico como elemento de entrada |
ALFABETIZACION |
| 650 #4 - PUNTO DE ACCESO ADICIONAL DE MATERIA--TÉRMINO DE MATERIA |
| Término de materia o nombre geográfico como elemento de entrada |
CENTROS DE ALFABETIZACION |
| 650 #4 - PUNTO DE ACCESO ADICIONAL DE MATERIA--TÉRMINO DE MATERIA |
| Término de materia o nombre geográfico como elemento de entrada |
ESCRITURA |
| 650 #4 - PUNTO DE ACCESO ADICIONAL DE MATERIA--TÉRMINO DE MATERIA |
| Término de materia o nombre geográfico como elemento de entrada |
INICIACION EN LA LECTURA |
| 650 #4 - PUNTO DE ACCESO ADICIONAL DE MATERIA--TÉRMINO DE MATERIA |
| Término de materia o nombre geográfico como elemento de entrada |
PROCESO DE LECTURA |
| 650 #4 - PUNTO DE ACCESO ADICIONAL DE MATERIA--TÉRMINO DE MATERIA |
| Término de materia o nombre geográfico como elemento de entrada |
ENSENANZA DE LA ESCRITURA |
| 650 #4 - PUNTO DE ACCESO ADICIONAL DE MATERIA--TÉRMINO DE MATERIA |
| Término de materia o nombre geográfico como elemento de entrada |
MEJORA DE LA ESCRITURA |
| 650 #4 - PUNTO DE ACCESO ADICIONAL DE MATERIA--TÉRMINO DE MATERIA |
| Término de materia o nombre geográfico como elemento de entrada |
FORMACION DE DOCENTES |
| 650 #4 - PUNTO DE ACCESO ADICIONAL DE MATERIA--TÉRMINO DE MATERIA |
| Término de materia o nombre geográfico como elemento de entrada |
METODOS DE ENSENANZA |
| 650 #4 - PUNTO DE ACCESO ADICIONAL DE MATERIA--TÉRMINO DE MATERIA |
| Término de materia o nombre geográfico como elemento de entrada |
EDUCACION DE ADULTOS |
| 653 #0 - TÉRMINO DE INDIZACIÓN--NO CONTROLADO |
| Término no controlado |
LECTOESCRITURA |
| 700 1# - ENTRADA AGREGADA--NOMBRE PERSONAL |
| Nombre de persona |
Rodríguez, María Elena |
| Término indicativo de función/relación |
compilador |
| 942 ## - ELEMENTOS DE ENTRADA SECUNDARIOS (KOHA) |
| Tipo de ítem Koha |
Libros |
| 998 ## - INFORMACIÓN DE CONTROL LOCAL (RLIN) |
| Iniciales del catalogador, CIN (RLIN) |
SILVI |